000 00355nam a22001571a 4500
020 _a9780575056787
082 _a823
_bBOB/W
100 _aBob Shaw
245 _aWho goes here?/
_cby Bob Shaw
260 _aLondon:
_bVGSF,
_c1988.
300 _a219p.
650 _aNovel English
650 _aLiterature English
650 _aLiterature
942 _cBK
999 _c50837
_d50837